| 000 | 004910000a22001450004500 | ||
|---|---|---|---|
| 020 | _a978-958-30-2605-8 | ||
| 082 | 0 | 4 | _aC357i |
| 100 | 1 | _aCatchpool, Michael | |
| 245 | 1 | 0 | _aImposible mover a un hipopótamo / Michael Catchpool; traductor María José Montoa ; ilustraciones Rosalind |
| 260 | _aBogotá : Panamericana Editorial | ||
| 300 | _a32 P. | ||
| 650 | 1 | 4 | _aCuentos infantiles ingleses \ Hipopótamos - Cuentos infantiles \ Animales - Cuentos infantiles |
| 001 | 1859 | ||
| 942 | _cLGB | ||
| 999 |
_c49013 _d49013 |
||